What Every Teacher Should Know About: Classroom Management and Discipline (Record no. 24013)

MARC details
000 -LEADER
fixed length control field 00609nam a22001937a 4500
003 - CONTROL NUMBER IDENTIFIER
control field OSt
005 - DATE AND TIME OF LATEST TRANSACTION
control field 20260611151624.0
008 - FIXED-LENGTH DATA ELEMENTS--GENERAL INFORMATION
fixed length control field 260611b |||||||| |||| 00| 0 eng d
020 ## - INTERNATIONAL STANDARD BOOK NUMBER
International Standard Book Number 0761931228
040 ## - CATALOGING SOURCE
Transcribing agency Chuka University Library
050 ## - LIBRARY OF CONGRESS CALL NUMBER
Classification number LB 3013 .T5 2003
100 ## - MAIN ENTRY--PERSONAL NAME
Personal name Teliston, Donna Walker
9 (RLIN) 28633
245 ## - TITLE STATEMENT
Title What Every Teacher Should Know About: Classroom Management and Discipline
260 ## - PUBLICATION, DISTRIBUTION, ETC.
Place of publication, distribution, etc. California
Name of publisher, distributor, etc. Corwin Press
Date of publication, distribution, etc. 2003
300 ## - PHYSICAL DESCRIPTION
Extent Various paging
Other physical details Includes References, Index
650 ## - SUBJECT ADDED ENTRY--TOPICAL TERM
Topical term or geographic name entry element Classroom Management
9 (RLIN) 11400
650 ## - SUBJECT ADDED ENTRY--TOPICAL TERM
Topical term or geographic name entry element Discipline
9 (RLIN) 28634
942 ## - ADDED ENTRY ELEMENTS (KOHA)
Source of classification or shelving scheme Library of Congress Classification
Koha item type Long Loan Books
Suppress in OPAC No
Holdings
Withdrawn status Lost status Source of classification or shelving scheme Damaged status Not for loan Collection Home library Current library Shelving location Date acquired Source of acquisition Cost, normal purchase price Total Checkouts Full call number Barcode Date last seen Price effective from Koha item type
    Library of Congress Classification     General Collection Books Main Campus Library Main Campus Library General Stacks 11/06/2026 Donation from Books for Africa 4867.49   LB 3013 .T5 2003 34131/2026 11/06/2026 11/06/2026 Long Loan Books

Powered by Koha